I libri astronomici di Alfonso el Sabio in una versione fiorentina del Trecento / (Record no. 22074)

MARC details
000 -LEADER
campo de control de longitud fija 00736nam a2200229 i 4500
001 - NÚMERO DE CONTROL
campo de control 22074
003 - IDENTIFICADOR DE NÚMERO DE CONTROL
campo de control ES-MaACL
005 - FECHA Y HORA DE LA ÚLTIMA TRANSACCIÓN
campo de control 20250813040329.0
007 - CAMPO FIJO DE DESCRIPCIÓN FÍSICA--INFORMACIÓN GENERAL
campo de control de longitud fija t|
008 - DATOS DE LONGITUD FIJA--INFORMACIÓN GENERAL
campo de control de longitud fija 021129s1965 sp ||||1| ita d
080 ## - NÚMERO DE LA CLASIFICACIÓN DECIMAL UNIVERSAL
Número de la Clasificación Decimal Universal 52"04/14"(043.2)
100 1# - ENTRADA PRINCIPAL--NOMBRE DE PERSONA
Nombre de persona Knecht, Pierre.
9 (RLIN) 68331
245 12 - MENCIÓN DEL TÍTULO
Título I libri astronomici di Alfonso el Sabio in una versione fiorentina del Trecento /
Mención de responsabilidad, etc. da Pierre Knecht.
260 ## - PUBLICACIÓN, DISTRIBUCIÓN, ETC.
Lugar de publicación, distribución, etc. Zaragoza :
Nombre del editor, distribuidor, etc. Librería General,
Fecha de publicación, distribución, etc. 1965.
300 ## - DESCRIPCIÓN FÍSICA
Extensión Xl, 243 p. ;
Dimensiones 24 cm.
502 ## - NOTA DE TESIS
Nota de tesis Tesis-Universidad Zurich.
600 04 - PUNTO DE ACCESO ADICIONAL DE MATERIA--NOMBRE DE PERSONA
Nombre de persona Alfonso
Numeración X,
Títulos y otros términos asociados al nombre Rey de Castilla
9 (RLIN) 19872
650 #7 - PUNTO DE ACCESO ADICIONAL DE MATERIA--TÉRMINO DE MATERIA
Término de materia o nombre geográfico como elemento de entrada Astronomía medieval
Fuente del encabezamiento o término embne
9 (RLIN) 173791
700 1# - ENTRADA AGREGADA--NOMBRE PERSONAL
Nombre de persona Knecht, Pierre.
9 (RLIN) 68331
852 4# - LOCALIZACIÓN
Ubicación ES-MaACL
Número de control de estantería C-29850
Holdings
Estatus retirado Estado de pérdida Estado de daño No para préstamo Biblioteca de origen Biblioteca actual Ubicación en estantería Fecha de adquisición Fuente de adquisición Total de préstamos Signatura topográfica completa Código de barras Visto por última vez Precio de reemplazo Tipo de ítem Koha
        Biblioteca del Ateneo de Madrid Biblioteca del Ateneo de Madrid Depósito 2 17/01/2008     C-29850 1022688 23/02/2023 23/02/2023 Libro impreso